| 000 | 00922nam a22002417a 4500 | ||
|---|---|---|---|
| 005 | 20121213171623.0 | ||
| 008 | 121213t xxu||||| |||| 00| 0 eng d | ||
| 010 | _aENG-106371 | ||
| 020 |
_a9789380607252 _c695.00 |
||
| 035 | _aEN-89904 | ||
| 037 | _bDBAD/PUB | ||
| 040 |
_aDPL _bENG |
||
| 082 | _a382.095482 | ||
| 100 |
_aSeshan, Radhika _954316 |
||
| 245 | 0 | 0 |
_aTrade and politics on the coromandel coast : _bseventeenth and early eighteenth centuries / _cby Radhika Seshan |
| 260 |
_aDelhi _bPrimus Books _c2012 |
||
| 270 |
_aVirat Bhavan, Mukherjee Nagar Commercial Complex _bDelhi _e110009 |
||
| 300 |
_a137p. _c25cm(Hb) |
||
| 500 | _aIncludes bibliographical references and index | ||
| 942 |
_2ddc _cEN _h382.095482 _mSES |
||
| 999 |
_c72166 _d72166 |
||